00535nam a22001817a 450000500170000001000150001702000260003203500140005803700090007208200080008110000220008924500570011125000060016826000540017427001000022830000190032876000060034720250317143855.0 aENG-144109 a9788184621327c350.00 aEN-127641 aDBAD a881 aWadhwani, Monisha aVoices to Verses;b40 Invocations/cMonisha Wadhwani a1 aMumbaibVakils, Feffer and Simons pvt. ltd.c2016 aIndustry manor, Appasaheb Marathe Marg, PrabhadevibMumbaie400025minfo@vakilspublications.com a87p.c23cm(pb) b1